Movies Quiz

Random Movies or Pixar Quiz

Missing Vowels: Movies Quiz Stats

Quiz Updated Sep 4, 2015

Challenge
Share
Tweet
Embed
Score 0/40 Timer 04:00
0 Plays Today
Hint Answer % Correct
MusicalsThe Sound of Music
93%
PixarA Bug's Life
89.2%
MusicalsSingin' In The Rain
88.9%
James Bond FilmsDiamonds Are Forever
88.4%
PixarWALL-E
88.2%
Films Based on Video GamesStreet Fighter
86.8%
James Bond FilmsFrom Russia With Love
86.2%
WesternsDances With Wolves
84.2%
Films Based on Video GamesMortal Kombat
83.7%
James Bond FilmsLive And Let Die
81.2%
Hitchcock MoviesThe Birds
79.9%
Films Based on Video GamesResident Evil
78.8%
Oscar Best Picture WinnersCrash
78.4%
Disney CharactersPinocchio
78.3%
Disney CharactersDumbo
78.2%
James Bond FilmsQuantum Of Solace
78%
MusicalsMamma Mia!
77.6%
Hitchcock MoviesVertigo
77.5%
Disney CharactersCruella de Vil
77%
Oscar Best Picture WinnersA Beautiful Mind
76.6%
Hint Answer % Correct
Hitchcock MoviesRear Window
75.3%
WesternsTrue Grit
74%
PixarRatatouille
73.2%
MusicalsGrease
72.4%
Oscar Best Picture WinnersLawrence Of Arabia
71.2%
MusicalsMoulin Rouge
70.2%
Oscar Best Picture WinnersChicago
70%
James Bond FilmsMoonraker
67.2%
PixarUp
67.2%
Films Based on Video GamesSuper Mario Bros.
65.4%
WesternsFor a Few Dollars More
65.1%
WesternsThe Searchers
60.9%
Films Based on Video GamesDoom
57.5%
WesternsUnforgiven
57.2%
Oscar Best Picture WinnersArgo
39%
Disney CharactersPumbaa
34.5%
Disney CharactersElsa
25.1%
PixarInside Out
23.1%
Hitchcock MoviesJamaica Inn
18.9%
Hitchcock MoviesNotorious
18.2%

You're not logged in!

Compare scores with friends on all Sporcle quizzes.
Join for Free
OR
Log In

You Might Also Like...

Show Comments

Extras

Top Quizzes Today


Score Distribution

Your Account Isn't Verified!

In order to create a playlist on Sporcle, you need to verify the email address you used during registration. Go to your Sporcle Settings to finish the process.

Report this User

Report this user for behavior that violates our Community Guidelines.

Details: